[Event "Wch U14"]
[Site "Heraklion"]
[Date "2002.11.15"]
[Round "1"]
[White "Rohit, Gogineni"]
[Black "Namra, H Pandya"]
[Result "0-1"]
[WhiteElo "2319"]
[BlackElo "1899"]
[PlyCount "107"]
[EventDate "2002.11.15"]
[EventType "swiss"]
[EventRounds "11"]
[EventCountry "GRE"]
[SourceTitle "CBM 091 Extra"]
[Source "ChessBase"]
[SourceDate "2003.01.09"]
[SourceVersion "1"]
[SourceVersionDate "2003.01.09"]
[SourceQuality "1"]

1. e4 c5 2. Nf3 Nc6 3. d4 cxd4 4. Nxd4 Nf6 5. Nc3 e5 6. Ndb5 d6 7. Bg5 a6 8. Na3 b5 9. Bxf6 gxf6 10. Nd5 Bg7 11. c3 Ne7 12. Nc2 f5 13. exf5 Bxf5 14. Nce3 Be6 15. g3 Rb8 16. Bg2 Bxd5 17. Bxd5 0-0 18. 0-0 Qd7 19. Kh1 Kh8 20. f4 f5 21. Bg2 Qe6 22. Qb3 Qd7 23. Rad1 e4 24. Rd2 Rf6 25. Rfd1 Qc6 26. Qb4 Rd8 27. g4 fxg4 28. Bxe4 Qd7 29. Bg2 Rh6 30. Nf1 Nf5 31. Be4 Ne7 32. Ng3 Rf6 33. Bg2 Qc7 34. Nh5 Rh6 35. Nxg7 Kxg7 36. f5 Qc4 37. Qxc4 bxc4 38. Rd4 Nxf5 39. Rxg4+ Kh8 40. Re1 Rb8 41. Be4 Ng7 42. Re2 Re6 43. Reg2 Re7 44. Rh4 h5 45. h3 Rbe8 46. Bd5 Re1+ 47. Kh2 Rb1 48. Rxc4 Ree1 49. Rc8+ Kh7 50. Rc7 Rh1+ 51. Kg3 Kh6 52. Rf2 Rbg1+ 53. Bg2 Kg6 54. Kh4 0-1